[Event "Miskolc m"]
[Site "Miskolc"]
[Date "2008.05.31"]
[Round "5"]
[White "Leko, Peter"]
[Black "Carlsen, Magnus"]
[Result "1/2-1/2"]
[WhiteElo "2741"]
[BlackElo "2765"]
[Annotator "John Upper"]
[PlyCount "129"]
[EventDate "2008.05.28"]
[EventType "match (rapid)"]
[EventRounds "8"]
[EventCountry "HUN"]
[SourceTitle "Chess Canada"]
[Source "CFC"]
[SourceDate "2017.10.01"]
[SourceVersion "1"]
[SourceVersionDate "2018.04.02"]
[SourceQuality "1"]

{[%mdl 32768] Carlsen played the Dragon regularly in his early teens. This is
a rapid game where Peter Leko gives Magnus a lesson in the kind of play
against weak pawns which Carlsen would later deal out as World Champion.} 1. e4
c5 2. Nf3 d6 3. d4 cxd4 4. Nxd4 Nf6 5. Nc3 g6 6. Be3 Bg7 7. f3 Nc6 8. Qd2 O-O
9. O-O-O d5 10. Qe1 e5 11. Nxc6 bxc6 12. exd5 cxd5 $2 (12... Nxd5 {see
Carlsen-Jones, 2018.}) 13. Bg5 Be6 14. Bc4 $1 Qc7 {[#] White has a choice:
take on f6 and keep a small advantage against Black's weak pawns, or take on
d5 to win a pawn while opening lines at the Kc1.} 15. Bxf6 {Leko takes the
safe route.} ({Ganguly played the more dynamic move:} 15. Bxd5 Nxd5 16. Nxd5
Bxd5 17. Rxd5 {White is up a pawn, but Black has two half-open files and a B
pointed at White's K. See: Ganguly-Wang, Edmonton, 2016 in this issue.}) 15...
dxc4 16. Bxg7 Kxg7 17. Nd5 Bxd5 18. Rxd5 Rfe8 19. Qc3 $14 {[#] Compared to
Ganguly-Wang: material is equal, and Black has less pressure on the queenside,
but White has a better structure; and with open lines and major pieces, that
better structure is likely to turn into an extra pawn.} Kg8 20. Qa5 Qe7 21. Re1
Qh4 22. Rdxe5 Rxe5 23. Qxe5 $16 {[#] White is up one safe pawn.  The rest has
hardly anything to do with opening analysis, but the players reach a very
complex, interesting and instructive rook ending.} Rd8 24. h3 c3 $5 25. Qxc3
Qg5+ 26. f4 $1 Qxg2 27. b3 Qf2 28. Re4 Qg2 29. Rc4 $1 $18 {[#] White is up a
protected passed pawn, his K is safe and his pieces are coordinated. Stockfish
says: +2.2 Komodo says: +1.3} Qd5 30. Kb2 Qf5 31. a4 h5 32. Qe3 a6 33. Rc5 Qf6+
34. Qe5 {[%mdl 4096]} Kg7 $5 {Rather than leave White's Q to dominate the
board, Carlsen allows the trade so that he might get some counterplay with his
K.} 35. Qxf6+ Kxf6 $18 {[#]} 36. Rc4 $2 {Peter Leko: Safety first.} (36. a5 $1
$18 {is simplest, White's R is already perfectly placed and the time it would
take for ...Rd4xf4 (and the position it would leave Black's R) would give
White an easy win.}) (36. Rc6+ $1 {Gives Black dangerous-looking counterplay,
but White is fast enough to win. Gives Black counterplay, but it is too slow.}
Kf5 37. Rxa6 Kxf4 38. Rf6+ Kg3 39. Rxf7 Kxh3 (39... g5 40. Rg7 g4 41. hxg4 h4 (
41... hxg4 42. b4 $18) 42. Rh7 $18 {is a much better version of the kind of
ending we see in the game.}) 40. Rg7 Rd6 (40... h4 41. Rxg6 $19 {White's pawns
will be way up the board before the Black K gets off the edge.}) 41. b4 $18)
36... Kf5 37. b4 f6 38. Kc3 g5 39. fxg5 fxg5 {[#]} 40. Rc7 $1 (40. b5 $2 axb5
41. axb5 g4 42. Rb4 g3 $11 {and the race is tied.}) (40. Rc6 $2 g4 $8 41. hxg4+
(41. Rc5+ Kf4 42. Rxh5 g3 $11) 41... hxg4 42. Rxa6 g3 43. Ra7 Kf6 $1 {prevents
the R from coming back.} (43... Rg8 44. Rf7+ Ke4 45. Rf1 g2 46. Rg1 $16 {
only White has winning chances.}) 44. Ra6+ $8 Kf5 45. Ra5+ $8 Kf6 46. Ra6+ $8
$11) 40... Rg8 (40... g4 41. hxg4+ hxg4 42. Rg7 $1 Kf4 43. b5 $18) 41. Rh7 $1
h4 42. b5 $1 (42. Rf7+ $1 Ke4 (42... Ke6 43. Ra7 $18) 43. b5 g4 44. hxg4 h3 45.
Rh7 $18) 42... axb5 43. axb5 Kf4 {[#]} 44. Rd7 $8 (44. b6 $2 Kg3 45. b7 Kxh3
46. Rg7 Rb8 $11) 44... g4 45. hxg4 h3 (45... Rh8 46. Rd1 $18 {is similar to
the ending in the note to move 51.}) 46. Rh7 $2 (46. Kb4 $8 $18) {[#]} 46...
Kxg4 $2 (46... Kg3 $8 $11 {this would enable ...Rxg4 with check, then ...Rh4,
drawing. The extra tempo on ...Kxg4-g3 leaves Black one move short and could
have cost him the full point.}) 47. Kb4 $18 (47. Rh6 $1 $18) 47... Kg3 48. c4
Rg6 $1 {[%mdl 64] Poses the hardest problem for White.} (48... h2 $2 49. Rxh2
$18 (49. b6 $18) (49. c5 $4 Rg4+ 50. Ka5 Rh4 $19)) {[#] Critical Position} 49.
Ka5 ({On} 49. c5 $1 $18 {Leko must have been worried about Black bridging with
the R:} Rg4+ 50. Ka5 Rh4 {But White's R can get back to defend h1 just in time:
} 51. Rd7 $1 (51. Rxh4 Kxh4 $11 {leads to a drawn QP v Q ending.}) 51... h2 52.
Rd1 h1=Q (52... Rf4 53. b6 Kg2 54. b7 Rf1 55. Rxf1 Kxf1 56. b8=Q h1=Q 57. Qb1+
$18) 53. Rxh1 Rxh1 54. b6 $8 $18 (54. c6 $2 Rc1 $8 $11 55. Kb6 Kf4 56. c7 Ke5
57. Kb7 Kd6 58. b6 Kd7 59. Kb8 Rc6 $11) 54... Ra1+ 55. Kb5 Rc1 {if Black's K
was on f4 this would be a draw, but it's one square too far.} 56. b7 $18 ({or} 
56. c6 $18)) 49... Rg5 $1 50. Kb4 (50. Ka6 $2 Rc5 $8 $11) 50... Rg6 {[#] White
has a winning position, but it's not remotely trivial, and Carlsen himself
might be the only player who would know this ending cold enough to play at
blitz tempo.} 51. Rxh3+ $2 $11 {Peter Leko: Safety first. 51.c5 would have won,
as in the note to move 49.} Kxh3 52. c5 Rg4+ $8 {Carlsen plays the rest
perfectly, no small trick when it's a long way into a rapid game and any
inaccuracy loses.} 53. Ka5 Rc4 $8 54. Kb6 Kg4 55. Kc6 Kf5 {[#]} 56. Kd5 (56.
Kd6 Rc1 57. c6 (57. b6 Rb1 58. Kc7 Ke6) 57... Rd1+ $8 58. Kc7 $11 (58. Ke7 $11)
(58. Kc5 $4 Ke6 $19) 58... Ke6 59. b6 Rb1 $8 60. b7 Kd5 $11 {reaches the game.}
) 56... Rc1 (56... Rb4 $11 57. b6 Kf6 58. c6 Rb5+ $1 $11) 57. b6 Rd1+ (57...
Rb1 $11) 58. Kc6 Ke6 59. b7 Rb1 $8 60. Kc7 Kd5 61. c6 Rb2 $1 62. Kd7 Rb6 63. c7
Rxb7 $8 64. Kd8 Rxc7 $8 65. Kxc7 1/2-1/2

[Event "TATA Steel"]
[Site "Wijk"]
[Date "2018.01.21"]
[Round "8"]
[White "Carlsen, Magnus"]
[Black "Jones, Gawain"]
[Result "1-0"]
[WhiteElo "2834"]
[BlackElo "2640"]
[Annotator "John Upper"]
[PlyCount "83"]
[EventDate "2018.??.??"]
[EventType "tourn"]
[EventRounds "13"]
[EventCountry "NED"]
[SourceTitle "Chess Canada"]
[Source "CFC"]
[SourceDate "2017.10.01"]
[SourceVersion "1"]
[SourceVersionDate "2018.04.02"]
[SourceQuality "1"]

{[%mdl 32768]} 1. e4 c5 2. Nf3 d6 3. d4 cxd4 4. Nxd4 Nf6 5. Nc3 g6 6. Be3 Bg7
7. f3 Nc6 8. Qd2 O-O 9. O-O-O d5 10. Qe1 $5 e5 11. Nxc6 bxc6 12. exd5 Nxd5 $1 (
12... cxd5 $2 13. Bg5 Be6 14. Bc4 $1 $16 {See: Leko-Carlsen, and
Lugovoi-Sambuev}) 13. Bc4 Be6 14. Kb1 {[#]After the game, Carlsen said he was
surprised that Jones chose to play the Dragon! That seemed preposterous to
everyone, since Jones has published a two-volume repertoire for Quality Chess
on the Dragon and plays it regularly (see notes).} Re8 (14... Rb8 15. Ne4 f5
16. Ng5 (16. Nc5 Bf7 {and the Bf7 attacks and defends.}) 16... Bc8 17. h4 h6
18. Ne4 fxe4 $5 (18... Be6 19. Nc5 Bf7 20. Na6 Rb7 21. Bb3 Qf6 22. Nc5 Re7 23.
c3 $13 {½-½ (52) Edouard,R (2659)-Jones,G (2661) London, 2014.}) 19. fxe4 {
White gets the piece back due to the pin, but here} Rf4 $1 {is a good try for
Black.} 20. Bxf4 exf4 21. c3 (21. exd5 $4 Rxb2+ 22. Kc1 Qb6 $19) 21... Qb6 22.
Qd2 Qc5 23. Bb3 Kh7 24. exd5 Bf5+ 25. Kc1 (25. Ka1 $4 Rxb3 $19) 25... Rxb3 26.
axb3 Qa5 27. Qe2 $8 Bxc3 $1 28. Qe7+ $8 Bg7 29. Qa3 Qb6 $11 {½-½ (61)
Lampert,J (2442)-Jones,G (2643) Wunsiedel, 2015.}) 15. Ne4 (15. h4 Qc7 16. Nxd5
cxd5 17. Bxd5 Bxd5 18. Rxd5 e4 19. fxe4 Rxe4 20. Qd2 Bxb2 $1 21. Kxb2 Qb7+ 22.
Ka1 Rxe3 $13 {(½-½, 54) Navara,D (2735)-Edouard,R (2641) Drancy, 2016.})
15... f5 $146 16. Ng5 Bc8 {[#]} 17. g4 $4 {.. It is a sign of how much respect
GMs have for Carlsen that during the live commentary, both GM Ivan Sokolov and
GM Eric Hansen were not sure this was a blunder: Sokolov said there is no way
Carlsen could have overlooked ...f4, and Hansen speculating that giving the
piece for positional domination by his minors might be some sort of
AlphaZero-level preparation by Carlsen. .. Watching the live video, Carlsen's
sister -- not fooled by her little brother's Great Chess Reputation -- tweeted
that it was obvious to her that he must have blundered since his body language
was "painful" to watch. .. How does the World Champion make a blunder like
this? After the game, Sambuev told me he thought the problem is that Carlsen's
positional evauation is SO strong and so reliable that it prevented him from
seeing the positionally awful move ...f4, it just wasn't on his radar. That
idea was also expressed by GM Jonathan Rowson, who tweeted:  17...f4 would be
positionally catastrophic for Black if it didn't win a piece.  One difference
between humans and computers is that our strategic filters often trump our
tactical filters at the worst possible moments.  ..} (17. h4 h6 18. Ne4 {
as in Jones's games against Edouard and Lampert (above).}) 17... f4 18. h4 fxe3
19. Qxe3 h6 $1 {[#] Black wants to play ...Be6 and wants to meet any pawn push
on the kingside with an adjacent push of his own, keeping the g and h-files
closed. White has only a pawn for the B. Stockfish says: -2.2 Komodo says: -1.6
} 20. Qc5 $1 {Attacks c6 and so pulls Black's LSB onto an inferior diagonal
which also blocks the b-file. Carlsen played this, and most of his next moves
much more quickly than Jones.} Bb7 (20... hxg5 $2 21. Qxc6 Be6 22. Bxd5 Bxd5
23. Rxd5 Qb6 $17 {and White can keep Qs on with Qc4 or try to hold with three
pawns for the B by exchanging and taking on g5. Black is clearly better in
either case as the f-pawn is a long term weakness.}) 21. Ne4 Re6 $5 {Prevents
Qd6! -- a move which is unnatural (trading Qs when down material) but
tactically strong.} (21... Bf8 $142 {also prevents Qd6, and gets the B out
from behind the e5 pawn.} 22. Qe3 Kg7 {was Sokolov's suggestion.} (22... Kh8 {
is Stockfish8.})) 22. h5 {[#]} Qb6 $2 {The right idea -- trading Qs -- but
tactically flawed.} (22... g5 $142 {as Eric Hansen said several moves earlier,
and as everyone said after, Black responds to any kingside push by closing the
kingside, and only then worrying about developing and trading pieces.}) 23. g5
$1 {White doesn't have to move his Q since a trade on c5 gives him winning
tactics (see next note). If this was a normal position -- add a White Bc1 and
a Black f4-pawn -- White would be clearly winning. Down a piece for a pawn,
White is not winning, but has very strong play against the Black K. Stockfish
says: -.7 Komodo says: -.5} hxg5 (23... Qxc5 $4 {loses:} 24. Nxc5 Re7 (24...
Bc8 25. Rxd5 $1 $18) 25. Nxb7 Rxb7 26. Rxd5 cxd5 27. Bxd5+ $18 {White wins one
of the Rs with an overwhelming material advantage.}) (23... Bf8 24. Qg1 $1 Qxg1
25. Rdxg1) 24. Qa3 $1 $13 {Black is up a whole piece, but Stockfish9 rates the
position 0.00.} Rb8 $1 25. b3 Qd8 (25... g4 $5 {gives the pawn back on the
g-file to keep it closed.}) 26. Qxa7 $1 {[#] Around here, Sokolov and Hansen
were predicting a Carlsen win.} gxh5 $2 (26... Bh6 27. hxg6 Rxg6 28. Rd2 {
and White is ready to double on the h or d-files with advantage.}) 27. Rxh5 Rg6
28. Rxg5 $1 Rxg5 29. Nxg5 Qc8 (29... Qxg5 $2 {loses the R and B to} 30. Qxb8+
$18) 30. Rg1 $1 Ra8 31. Qb6 $1 Ra6 {[#]} 32. Qc5 {The first time since move 20
that the computer suggests a better move for White:} (32. Qe3 $5 $18 {either
way, White is winning. Materially, Black is up a B for two pawns, but his K is
very exposed and his Bb7 and Ra6 are both very poorly placed.}) (32. Bxa6 $4 {
unpins the N, so} Nxb6 $19 {when Black would once again have good chances
against the World Champion ;)}) 32... Qd7 33. Ne4 Kh8 34. Qf2 {Threatens
Q-h-file check, then Nf6+.} Qe7 35. Bxa6 Bxa6 36. Qh2+ Kg8 37. Qh6 Qa7 38. Qe6+
{[#]} Kf8 (38... Qf7 39. Qxc6 Bb7 40. Qd6 $18) 39. Rg5 (39. Qd6+ $1 {is more
ruthless, but White has found a simpler win.}) 39... Ne3 40. Qd6+ Kf7 41. Nc5
Bc8 42. Rxg7+ (42. Rxg7+ Kxg7 43. Qxe5+ Kf7 44. Qxe3 $18 {with the better
minor piece, safer K, and (for those irredeemable materialists), three extra
pawns. .. Jones was a good sport after his loss, and discussed it with Eric in
the official feed.}) 1-0